El origen de las especies

Nuestro país ofrece una diversidad musical que trasciende el espacio de la canción y el instrumento, y se completa con bailes típicos, tradiciones y festividades. Juan Quintero nos propone un viaje por las distintas regiones de la Argentina para conocer nuestras especies musicales y profundizar en e...

Descripción completa

Guardado en:
Autor Principal: Irigoyen, Andrés.
Autores Corporativos: Canal Encuentro., Estudios Pacífico.
Otros Autores: Lubarsky, Lucía; Guion., Quintero, Juan; Conducción., Olivera, Luciano; Producción Ejecutiva.
Formato: Deslizar
Idioma:Undetermined
Publicado: Buenos Aires?, 2013.
Materias:
Acceso en línea:https://encuentro.gob.ar/programas/serie/8507/
Etiquetas: Agregar Etiqueta
Sin Etiquetas, Sea el primero en etiquetar este registro!
LEADER 01787ngm a22003975a 4500
001 CEM.cems019590
008 220926s2013####ag#---############vlund#d
005 20220926205707.0
245 1 0 |a El origen de las especies  |h [videograbación] /  |c Andrés Irigoyen. 
260 |a Buenos Aires?,  |c 2013. 
300 |a 26'. 
505 0 |a 01. Canto con caja -- 02. Milonga surera -- 03. Carnavalito -- 04. Cueca -- 05. Zamba -- 06. Tonada cuyana -- 07. Chamamé -- Duración aproximada por capítulo 26 minutos. Duración total aproximada: 3 horas 
520 |a Nuestro país ofrece una diversidad musical que trasciende el espacio de la canción y el instrumento, y se completa con bailes típicos, tradiciones y festividades. Juan Quintero nos propone un viaje por las distintas regiones de la Argentina para conocer nuestras especies musicales y profundizar en el origen, el auténtico espíritu, la identidad y la tradición del folclore. 
590 |a Identificación anterior: D 182 
538 |a Soporte: DVD -- Formato: AVI -- Peso: 1.91gb -- Resolución: 720 x 540 -- 25fps 
100 1 |a Irigoyen, Andrés. 
700 1 |a Lubarsky, Lucía; Guion. 
700 1 |a Quintero, Juan; Conducción. 
700 1 |a Olivera, Luciano; Producción Ejecutiva. 
710 2 |a Canal Encuentro. 
710 2 |a Estudios Pacífico. 
653 |a MÚSICA 
653 |a ARGENTINA 
653 |a FOLCLORE 
653 |a HISTORIA 
653 |a CANTO CON CAJA 
653 |a MILONGA 
653 |a CUECA 
653 |a ZAMBA 
653 |a TONADA CUYANA 
653 |a CHAMAMÉ 
653 |a JUAN QUINTERO 
653 |a ATAHUALPA YUPANQUI 
653 |a LATINOAMÉRICA 
856 |u https://encuentro.gob.ar/programas/serie/8507/ 
859 |a CEMS  |b BIB. CEMS - Depto. Recursos Didacticos  |h 780  |i IRI  |k DRD  |p 2894.22